HIV and AIDS

Bibliographic Details
Main Author: Connolly, Sean
Format: Book
Published: UK : Heniemann , 2003
Series:Need to know
Subjects:

MARC

LEADER 00000cam a2200000 7i4500
001 0000014146
005 20160330.0
008 080222
020 |a 0431098034 
090 0 0 |a 362.1969792   |b CON 
100 1 |a Connolly, Sean 
245 1 0 |a HIV and AIDS   |c Sean Connolly 
260 |a UK :   |b Heniemann ,   |c 2003 
440 |a Need to know 
500 |a Teenager ages 13-18 years old (blue) 
650 0 |a AIDS (Disease)   |x Juvenile literature 
650 0 |a HIV (Viruses)   |x Juvenile literature 
999 |a 0001012282   |b Book   |c Teenagers   |e Perbadanan Perpustakaan Awam Johor 
999 |a 0001012284   |b Book   |c Teenagers   |e Perbadanan Perpustakaan Awam Johor